Improving the Quality of the Process in Slovakia to Reduce the Energy Burden of Businesses

Gespeichert in:
Bibliographische Detailangaben
1. Verfasser: Potoma, Radoslav, 1992-
Format: Buchkapitel
Sprache:Englisch
Schlagworte:
Tags: Tag hinzufügen
Keine Tags, Fügen Sie das erste Tag hinzu!

MARC

LEADER 00000naa$a2200000$$$4500
001 0277000
005 20240502074323.5
041 0 |a eng 
044 |a SK 
245 1 0 |a Improving the Quality of the Process in Slovakia to Reduce the Energy Burden of Businesses  |c Radoslav Potoma 
500 |a Abstrakt 
610 2 0 |a záťaže environmentálne 
610 2 0 |a emisie 
610 2 0 |a proces výrobný 
610 2 0 |a politika energetická 
610 2 0 |a inovácie environmentálne 
610 2 0 |a podnik výrobný 
610 2 0 |a Slovensko 
610 2 0 |a Európska únia 
100 1 |a Potoma, Radoslav, 1992-